[Event "MTO Open"]
[Site "Biel SUI"]
[Date "2005.07.18"]
[Round "1"]
[White "Milov,V"]
[Black "Lada,I"]
[Result "1-0"]
[WhiteElo "2645"]
[BlackElo "2189"]

1.d4 d6 2.g3 g6 3.Bg2 Bg7 4.e4 Nc6 5.Ne2 e5 6.Be3 Bg4 7.f3 Bd7 8.Nbc3 exd4
9.Nxd4 Nxd4 10.Bxd4 Bxd4 11.Qxd4 Qf6 12.Qd2 Ne7 13.f4 O-O-O 14.O-O-O Bc6
15.Rhe1 Rhe8 16.Re3 Kb8 17.Rd3 Qe6 18.e5 Bxg2 19.Qxg2 Nc6 20.exd6 Rxd6 21.Rxd6 cxd6
22.Qd2 Rd8 23.Re1 Qc4 24.Qd5 Qxd5 25.Nxd5 Kc8 26.Kd2 Kd7 27.Kd3 f5 28.b4 b5
29.a4 a6 30.axb5 axb5 31.c4 Rb8 32.Kc3 h6 33.Nf6+ Kc7 34.Re6 bxc4 35.Nd5+ Kd7
36.Rxg6 Rb5 37.Rg7+ Ke6 38.Nc7+ Kf6 39.Nxb5 Kxg7 40.Nxd6 Kf6 41.b5 Nb8 42.Nxc4 Ke6
43.Nb6  1-0

[Event "MTO Open"]
[Site "Biel SUI"]
[Date "2005.07.19"]
[Round "2"]
[White "Huss,A"]
[Black "Milov,V"]
[Result "0-1"]
[WhiteElo "2329"]
[BlackElo "2645"]

1.d4 Nf6 2.Nf3 e6 3.e3 b6 4.Bd3 d5 5.O-O Bd6 6.b3 O-O 7.Bb2 Ba6 8.c4 Ne4
9.Nc3 f5 10.Ne5 Bxe5 11.dxe5 Nc5 12.Be2 dxc4 13.bxc4 Nbd7 14.Nb5 Bb7 15.Nd4 Qg5
16.Bf3 Bxf3 17.Nxf3 Qg4 18.Qd4 Rf7 19.Rad1 h6 20.Ba3 Ne4 21.Nd2 c5 22.Qb2 Nxd2
23.Rxd2 Qxc4 24.Rfd1 Nf8 25.Rd3 Rc8 26.Qd2 Qa4 27.Rc1 Rd7 28.Rxd7 Qxd7 29.Qc2 Rd8
30.h3 Qd3 31.Qa4 Qe2 32.Qxa7 Qxa2 33.Rc3 Rd1+ 34.Kh2 Qxf2 35.Qxb6 Qg1+  0-1

[Event "MTO Open"]
[Site "Biel SUI"]
[Date "2005.07.21"]
[Round "4"]
[White "Benkovic,P"]
[Black "Milov,V"]
[Result "0-1"]
[WhiteElo "2431"]
[BlackElo "2645"]

1.d4 g6 2.c4 Bg7 3.e4 d6 4.Nc3 Nf6 5.Nf3 O-O 6.Be2 Na6 7.O-O e5 8.Be3 Ng4
9.Bg5 Qe8 10.dxe5 dxe5 11.h3 h6 12.Bd2 Nf6 13.Be3 Qe7 14.Qb1 c6 15.Na4 Nh5
16.c5 Nc7 17.Re1 f5 18.b4 Kh7 19.Nb2 Nf6 20.exf5 Bxf5 21.Qc1 Ncd5 22.a3 Nxe3
23.fxe3 Nd5 24.Bc4 e4 25.Nh2 Qg5 26.Bxd5 cxd5 27.g4 Be6 28.Rb1 d4 29.Nc4 Qh4
30.exd4 Qg3+  0-1

[Event "MTO Open"]
[Site "Biel SUI"]
[Date "2005.07.22"]
[Round "5"]
[White "Kobalia,M"]
[Black "Milov,V"]
[Result "1/2-1/2"]
[WhiteElo "2614"]
[BlackElo "2645"]

1.e4 g6 2.d4 Bg7 3.Nf3 d6 4.Bc4 e6 5.Bb3 Ne7 6.O-O O-O 7.Nbd2 b6 8.Re1 Bb7
9.Nf1 Nd7 10.Ng3 c5 11.c3 Rc8 12.h3 h6 13.Be3 c4 14.Bc2 f5 15.exf5 exf5 16.Bf4 Rf6
17.Qc1 Qf8 18.h4 Bxf3 19.gxf3 Nd5 20.Bd2 h5 21.Bg5 Rf7 22.Re6 N7f6 23.Qd2 Re8
24.Rae1 Rfe7 25.Rxe7 Rxe7 26.Ba4 Nc7 27.Bc6 Kh7 28.Rxe7 Qxe7 29.Ne2 Qf7 30.Nf4 Ng8
31.Qe2 Bf8 32.Bd8 Bh6 33.Nh3 Qe6 34.Qd1 Qc8 35.Bg5 b5 36.a4 a6 37.axb5 axb5
38.Qa1 Qb8 39.Qa5 Bf8 40.Bd7 Ne7 41.Nf4 Bh6 42.Bxe7 Bxf4 43.Bc6 Kg7 44.Qb4 Ne6
45.d5 Qc7 46.dxe6 Qxc6 47.Qa5 Qxf3 48.Bf6+ Kxf6  1/2-1/2

[Event "MTO Open"]
[Site "Biel SUI"]
[Date "2005.07.24"]
[Round "6"]
[White "Milov,V"]
[Black "Meijers,V"]
[Result "1-0"]
[WhiteElo "2645"]
[BlackElo "2479"]

1.d4 f5 2.g3 Nf6 3.Bg2 g6 4.b4 Bg7 5.Bb2 d6 6.Nf3 O-O 7.O-O c6 8.c4 Ne4 9.Nc3 Qe8
10.Nxe4 fxe4 11.Nd2 d5 12.Qb3 Bh6 13.e3 e6 14.f3 exf3 15.Rxf3 Rxf3 16.Nxf3 Nd7
17.Re1 Nb6 18.Ne5 Bg7 19.c5 Bxe5 20.dxe5 Nc4 21.Bd4 Bd7 22.Qc3 a5 23.Re2 Qb8
24.b5 cxb5 25.e4 dxe4 26.Rf2 Qc7 27.a4 e3 28.Rf6 Rd8 29.axb5 Bxb5 30.Bh3 e2
31.Bxe6+ Kg7 32.Kf2 Rxd4 33.Qxd4  1-0

[Event "MTO Open"]
[Site "Biel SUI"]
[Date "2005.07.25"]
[Round "7"]
[White "Milov,V"]
[Black "Tseshkovsky,V"]
[Result "1/2-1/2"]
[WhiteElo "2645"]
[BlackElo "2599"]

1.d4 Nf6 2.c4 g6 3.Nc3 d5 4.cxd5 Nxd5 5.e4 Nxc3 6.bxc3 Bg7 7.Bg5 c5 8.Rc1 cxd4
9.cxd4 O-O 10.Nf3 Bg4 11.d5 h6 12.Be3 e6 13.Bc4 exd5 14.Bxd5 Nc6 15.h3 Bxf3
16.Qxf3 Nb4 17.O-O Nxd5 18.exd5 Qd7 19.Rfd1 Rfc8 20.Rxc8+ Rxc8 21.d6 b6 22.Bf4 Rd8
23.Qd5 Bf8 24.h4 Qg4 25.Bg3 Rd7 26.Kh2 Qe6 27.Qc6 Rd8 28.Rd3 g5 29.hxg5 hxg5
30.Re3 Qg6 31.Re8  1/2-1/2

[Event "MTO Open"]
[Site "Biel SUI"]
[Date "2005.07.26"]
[Round "8"]
[White "Alekseev,Evgeny"]
[Black "Milov,V"]
[Result "1-0"]
[WhiteElo "2625"]
[BlackElo "2645"]

1.e4 c5 2.Nf3 e6 3.d4 cxd4 4.Nxd4 a6 5.Bd3 Bc5 6.Nb3 Be7 7.O-O d6 8.Qg4 g6
9.Qe2 Nd7 10.Bf4 Ne5 11.N1d2 Nf6 12.Rfd1 Nxd3 13.Qxd3 O-O 14.a4 e5 15.Bg5 Be6
16.Nf1 Rc8 17.Ne3 Rc6 18.Nd2 Nh5 19.Bh6 Re8 20.c4 Bg5 21.Bxg5 Qxg5 22.b4 Nf4
23.Qf1 Rec8 24.Kh1 f5 25.Nd5 Bxd5 26.exd5 R6c7 27.g3 Nh5 28.c5 Rf8 29.Qe2 Nf6
30.Nc4 dxc5 31.d6 Rcc8 32.Nxe5 f4 33.Qc4+ Kg7 34.gxf4 Qf5 35.bxc5 Qe4+ 36.Qxe4 Nxe4
37.d7 Rcd8 38.c6 Nxf2+ 39.Kg2 Nxd1 40.Rxd1 bxc6 41.Nxc6 g5 42.fxg5 Kg6 43.h4  1-0

[Event "MTO Open"]
[Site "Biel SUI"]
[Date "2005.07.27"]
[Round "9"]
[White "Milov,V"]
[Black "Raetsky,A"]
[Result "1-0"]
[WhiteElo "2645"]
[BlackElo "2453"]

1.d4 d5 2.c4 e5 3.dxe5 d4 4.Nf3 Nc6 5.g3 Nge7 6.Bg2 Ng6 7.O-O Ngxe5 8.Nxe5 Nxe5
9.Qb3 Be7 10.e3 O-O 11.exd4 Qxd4 12.Bf4 Bf6 13.Na3 c6 14.Rfe1 Ng6 15.Bc1 Qb6
16.Qc2 Be6 17.c5 Qc7 18.Bd2 Rad8 19.Bc3 Ne5 20.Re2 Bd5 21.Rae1 Bxg2 22.Bxe5 Bxe5
23.Kxg2 Bd4 24.Qc4 Qa5 25.Re7 Bxb2 26.Nc2 Rd5 27.Qb3 Bf6 28.Rxb7 Qxc5 29.Ne3 Rd2
30.Ng4 Bd4 31.Re8 Qd5+ 32.Qxd5 cxd5 33.Rbb8 Bc5 34.Rxf8+ Bxf8 35.Ne5 f6 36.Nd7 Kf7
37.Nxf8 Rxa2 38.Nd7 a5 39.Nc5 a4 40.Rb7+ Kg6 41.Ra7 a3 42.Nd3 d4 43.Kf3 h5
44.h4 Kf5 45.Nf4 Ke5 46.Rd7  1-0

[Event "US Open"]
[Site "Phoenix USA"]
[Date "2005.08.14"]
[Round "9"]
[White "Milov,V"]
[Black "Christiansen,L"]
[Result "1-0"]
[WhiteElo "2645"]
[BlackElo "2524"]

1.d4 d5 2.c4 e6 3.Nc3 c5 4.cxd5 exd5 5.Nf3 Nc6 6.g3 Nf6 7.Bg5 Be7 8.Bg2 O-O
9.dxc5 Bxc5 10.Bxf6 Qxf6 11.O-O d4 12.Nd5 Qd8 13.Nd2 Be6 14.Nf4 Bf5 15.Rc1 Bb6
16.Nc4 Re8 17.a3 Be4 18.Bxe4 Rxe4 19.Qd3 Re8 20.Qf3 Rc8 21.Nd3 Qe7 22.Rc2 Na5
23.Rfc1 Nxc4 24.Rxc4 Rxc4 25.Rxc4 Qd7 26.b4 g6 27.Rc2 Kg7 28.h4 h5 29.Nf4 a6
30.Rc4 Re5 31.Rc2 Re7 32.Nd3 a5 33.bxa5 Bxa5 34.Rc5 Bb6 35.Rg5 f6 36.Rd5 Qc6
37.Nb4 Qc3 38.Kg2 Ba7 39.Rd8 Qxf3+ 40.Kxf3 Bc5 41.Nd5 Re5 42.Rd7+ Kh6 43.Nf4 b6
44.a4 g5 45.hxg5+ fxg5 46.Nd3 g4+ 47.Kf4 Rxe2 48.a5 bxa5 49.Nxc5 Rxf2+ 50.Ke5 h4
51.Rd6+ Kh5 52.Ne4 Rf8 53.Nf6+ Rxf6 54.Kxf6  1-0

[Event "2nd Rapid"]
[Site "D'Ajaccio FRA"]
[Date "2005.10.27"]
[Round "7"]
[White "Socko,B"]
[Black "Milov,V"]
[Result "0-1"]
[WhiteElo "2610"]
[BlackElo "2652"]

1.e4 c5 2.Nf3 e6 3.d4 cxd4 4.Nxd4 a6 5.Bd3 Bc5 6.Nb3 Be7 7.Qg4 g6 8.Qe2 d6
9.Be3 Nd7 10.f4 Ngf6 11.N1d2 b6 12.O-O-O Qc7 13.g4 Bb7 14.g5 Nh5 15.Rhf1 b5
16.Kb1 O-O 17.f5 exf5 18.exf5 Rfe8 19.Qf2 Ne5 20.Be2 Rac8 21.Nd4 Bf8 22.Bxh5 gxh5
23.Bf4 Nc6 24.N2b3 Nxd4 25.Nxd4 Be4 26.Rd2 Qc4 27.Rc1 Bg7 28.f6 Bf8 29.Bg3 Qc5
30.Nb3 Qc6 31.Nd4 Qd7 32.Ne2 d5 33.Nf4 Bc5 34.Qe2 Bg6 35.Rxd5 Qc6 36.Re5 Rxe5
37.Qxe5 Re8 38.Qc3 b4 39.Qc4 Re4 40.Qf1 Be3 41.Nxg6 hxg6 42.Re1 Bxg5 43.Rxe4 Qxe4
44.a3 b3 45.Qd1 Bxf6 46.Bf2 Qe5 47.Qc1 Qxh2 48.Qe3 bxc2+ 49.Kc1 h4 50.Qf3 Qe5
51.Kxc2 Qxb2+ 52.Kd1 Kg7 53.Be1 Qe5 54.Bd2 Qe6 55.Bf4 Qf5 56.Qe3 g5 57.Bh2 g4
58.Bf4 g3 59.Qf3 Kg6 60.Qe3 g2 61.Qf2 Qxf4  0-1

[Event "2nd Rapid"]
[Site "D'Ajaccio FRA"]
[Date "2005.10.27"]
[Round "8"]
[White "Milov,V"]
[Black "Almasi,Z"]
[Result "0-1"]
[WhiteElo "2652"]
[BlackElo "2640"]

1.d4 Nf6 2.c4 e6 3.Nc3 Bb4 4.e3 O-O 5.Ne2 d5 6.a3 Be7 7.cxd5 exd5 8.b4 Re8
9.Ng3 Bd6 10.Bd3 c6 11.O-O Nbd7 12.f3 a5 13.Rb1 axb4 14.axb4 Qb6 15.Nce2 Nf8
16.Kh1 Be7 17.e4 dxe4 18.fxe4 Bg4 19.Bb2 Rad8 20.h3 Bc8 21.Bc3 Ng6 22.Qd2 Qc7
23.Rbc1 Bf8 24.Qa2 Be6 25.Qb2 Bc8 26.Bc4 Rd7 27.Bd3 Rdd8 28.Bd2 Qb6 29.Qb1 Be6
30.Bc3 Be7 31.Nf5 Bxf5 32.Rxf5 Bf8 33.Rcf1 Rd7 34.b5 Qc7 35.bxc6 bxc6 36.Qc2 Rde7
37.e5 Nd5 38.Bd2 Rd7 39.Nc3 Nb4 40.Qb1 Nxd3 41.Qxd3 Rxe5 42.Qc4 Rxf5 43.Rxf5 Qd6
44.Be3 Qe6 45.Qd3 Re7 46.Bf2 Rd7 47.Qf3 f6 48.Ra5 Bb4 49.Ra8+ Nf8 50.Ne4 Re7
51.Ng3 Re8 52.Ra6 Rc8 53.Nf5 Ng6 54.Qg4 Re8 55.Ra7 Bf8 56.Qf3 Qe4 57.Qxe4 Rxe4
58.Bg3 Ne7 59.Nxe7+ Bxe7 60.Rc7 Re6 61.Rd7 Kf7 62.d5 cxd5 63.Rxd5 g6 64.Rb5 h5
65.Kg1 g5 66.Bf2 Kg6 67.Kf1 Rc6 68.Ke2 Rc2+ 69.Kf1 Bd6 70.Rd5 Be5 71.Be3 Kf5
72.Rd2 Rc3 73.Bd4 Rc1+ 74.Kf2 Bf4 75.Ra2 g4 76.hxg4+ hxg4 77.Be3 Bxe3+ 78.Kxe3 Rf1
79.Ra5+ Kg6 80.Rb5 Rf5 81.Rb8 Kg5 82.Rh8 Rf1 83.Ke2 Rf4 84.Ke3 Ra4 85.Kf2 Ra2+
86.Kg3 Ra3+ 87.Kf2 Kf4 88.Rb8 g3+ 89.Ke2 Ra2+ 90.Kf1 Rf2+ 91.Kg1 Rd2 92.Rb4+ Ke3
93.Rb3+ Rd3 94.Rb1 Ke2 95.Rb2+ Rd2 96.Rb1 Rd1+ 97.Rxd1 Kxd1 98.Kf1 Kd2 99.Kg1 Ke2
100.Kh1 f5 101.Kg1 f4 102.Kh1 f3  0-1

[Event "1st Rapid"]
[Site "Venaco FRA"]
[Date "2005.10.28"]
[Round "6"]
[White "Riazantsev,A"]
[Black "Milov,V"]
[Result "1/2-1/2"]
[WhiteElo "2603"]
[BlackElo "2652"]

1.d4 Nf6 2.c4 e6 3.Nf3 d5 4.g3 a6 5.Bg2 dxc4 6.O-O Nc6 7.Nc3 Rb8 8.e4 Be7
9.Qe2 Nxd4 10.Nxd4 Qxd4 11.Rd1 Qb6 12.Be3 Qa5 13.Qxc4 e5 14.Nd5 Nxd5 15.Rxd5 Be6
16.Rxa5 Bxc4 17.Rxe5 f6 18.Rxe7+ Kxe7 19.Rc1 Bxa2 20.Rxc7+ Kf8 21.Bh3 h5
22.Bc8 Kg8 23.Bxb7 Kh7 24.e5 Rxb7 25.Rxb7 fxe5 26.Re7 Rd8 27.Rxe5 Rd5 28.Re7 Rd1+
29.Kg2 Bd5+ 30.Kh3 Kg6 31.Re5 Bf3 32.Ra5 Rd6 33.Ra3 Rc6 34.Bd4 Bd5 35.Re3 Re6
36.Rc3 Rc6 37.Ra3 Re6 38.f3 Rc6 39.g4 hxg4+ 40.fxg4 Bc4 41.Kg3 Rd6 42.Bc3 Rd3+
43.Kf4 Rh3 44.Ra4 Bb5 45.Re4 Rxh2 46.Re7 Rf2+ 47.Kg3 Rf7 48.Rxf7  1/2-1/2

[Event "1st Rapid"]
[Site "Venaco FRA"]
[Date "2005.10.29"]
[Round "7"]
[White "Milov,V"]
[Black "Le Roux,JP"]
[Result "1-0"]
[WhiteElo "2652"]
[BlackElo "2497"]

1.d4 Nf6 2.c4 e6 3.Nc3 Bb4 4.e3 c5 5.Bd3 Nc6 6.Ne2 d5 7.cxd5 exd5 8.a3 cxd4
9.axb4 dxc3 10.b5 Ne5 11.Nxc3 Nxd3+ 12.Qxd3 O-O 13.O-O Qd6 14.h3 Be6 15.Rd1 Rfd8
16.Qd4 a6 17.e4 Qf8 18.e5 Ne4 19.bxa6 bxa6 20.Be3 Nxc3 21.Qxc3 Rdc8 22.Qd2 h6
23.b4 Rc4 24.Bc5 Qb8 25.Bd6 Qc8 26.Ra3 Rc2 27.Qd4 Rc4 28.Qe3 Re4 29.Qg3 Qc2
30.Rda1 d4 31.b5 a5 32.b6 Bd5 33.Qd3 Qb2 34.Rb1 Qe2 35.Qxe2 Rxe2 36.b7 Bxb7
37.Rxb7 Rc8 38.Rf3 Ra8  1-0

[Event "Corsica Masters Open"]
[Site "Bastia FRA"]
[Date "2005.10.31"]
[Round "2"]
[White "Milov,V"]
[Black "Buchy,D"]
[Result "1-0"]
[WhiteElo "2652"]
[BlackElo "2149"]

1.d4 d5 2.c4 dxc4 3.Nf3 c5 4.e3 cxd4 5.Bxc4 Nc6 6.exd4 e6 7.O-O Nf6 8.Nc3 Be7
9.a3 O-O 10.Qd3 a6 11.Ba2 b5 12.Rd1 Bb7 13.Bg5 Rc8 14.Rac1 Rc7 15.d5 exd5
16.Nxd5 Nxd5 17.Qxd5 Qxd5 18.Bxd5 Bxg5 19.Nxg5 Rd7  1-0

[Event "Corsica Masters KO"]
[Site "Bastia FRA"]
[Date "2005.11.03"]
[Round "1.2"]
[White "Naiditsch,A"]
[Black "Milov,V"]
[Result "0-1"]
[WhiteElo "2641"]
[BlackElo "2652"]

1.e4 e6 2.d4 d5 3.Nd2 dxe4 4.Nxe4 Nd7 5.g3 Ngf6 6.Nxf6+ Nxf6 7.Bg2 e5 8.d5 Bd6
9.Ne2 O-O 10.O-O Bf5 11.c4 Qd7 12.Nc3 Bh3 13.Bg5 Bxg2 14.Kxg2 Qf5 15.Bxf6 Qxf6
16.a3 a5 17.Nb5 e4 18.Nxd6 Qxd6 19.Qd4 f5 20.c5 Qf6 21.Qc4 Kh8 22.Qb3 f4
23.Qxb7 e3 24.Qxc7 e2 25.Rfc1 Qd4 26.f3 Rac8 27.Qxa5 fxg3 28.Qe1 Qxd5 29.Qxe2 gxh2
30.Qe4 Qg5+ 31.Kh1 Rxc5 32.Rxc5 Qxc5 33.a4 Qf2 34.b4 h6 35.a5 Rxf3 36.Rd1 Rf8
37.a6 Qb6 38.Ra1 Qb5 39.Qg2 Qe5 40.Rb1 Qf5 41.Re1 Qd7 42.Qe4 Rb8 43.b5 Qa7
44.Qd5 Qf2 45.Qe4 Qa7 46.Qc6 Qf2 47.Rd1 Qe2 48.Qd5 Qf2 49.Rb1 Re8 50.Qg2 Re1+
51.Kxh2 Qh4+ 52.Qh3 Re2+  0-1

[Event "Corsica Masters KO"]
[Site "Bastia FRA"]
[Date "2005.11.03"]
[Round "1.1"]
[White "Milov,V"]
[Black "Naiditsch,A"]
[Result "1-0"]
[WhiteElo "2652"]
[BlackElo "2641"]

1.d4 Nf6 2.c4 e6 3.Nc3 Bb4 4.e3 O-O 5.Bd3 d5 6.cxd5 exd5 7.Ne2 c5 8.a3 cxd4
9.axb4 dxc3 10.O-O Nc6 11.b5 Ne5 12.Nxc3 Bg4 13.f3 Bh5 14.Be2 Bg6 15.f4 d4
16.fxe5 dxc3 17.exf6  1-0

[Event "Corsica Masters Prelim"]
[Site "Bastia FRA"]
[Date "2005.11.03"]
[Round "1"]
[White "Milov,V"]
[Black "Milov,L"]
[Result "1/2-1/2"]
[WhiteElo "2652"]
[BlackElo "2472"]

1.d4 d5 2.c4 c6 3.Nc3 dxc4 4.e4 b5 5.a4 b4 6.Na2 Nf6 7.e5 Nd5 8.Bxc4 e6 9.Nf3 a5
10.O-O Ba6 11.Qe2 Bxc4 12.Qxc4 Qb6 13.Be3 Qa6 14.Qc2 Nd7 15.Nc1 c5 16.dxc5 Nxe3
17.fxe3 Bxc5 18.Nb3 Bxe3+ 19.Kh1 O-O 20.Qe4 Bh6 21.Rad1 Rac8 22.Qd4 Nb6 23.Qd6 Qa7
24.Qd4 Rc7 25.Ra1 Nc4 26.Qxa7 Rxa7 27.Rf2 Rd8 28.Rc2 Nb6 29.Rc6 Be3 30.Re1 Nd5
31.g3 g6 32.Rd1 Raa8 33.Rd3 Rdc8 34.Rd6 Bc5 35.Rd7 Nb6 36.Rb7 Nd5 37.Ng5 Be7
38.Ne4 Rab8 39.Ra7 Ra8 40.Rb7 Rab8 41.Ra7 Ra8 42.Rb7 Rab8 43.Rd7 Rd8 44.Ra7 Ra8
45.Rb7 Rdb8 46.Rb6 Bf8  1/2-1/2

[Event "Corsica Masters Prelim"]
[Site "Bastia FRA"]
[Date "2005.11.03"]
[Round "2"]
[White "Milov,L"]
[Black "Milov,V"]
[Result "0-1"]
[WhiteElo "2472"]
[BlackElo "2652"]

1.e4 c5 2.Nf3 e6 3.g3 Nc6 4.Bg2 d5 5.exd5 exd5 6.d4 Nf6 7.O-O Be7 8.h3 O-O
9.Be3 Qb6 10.Nc3 Qxb2 11.Na4 Qa3 12.Nxc5 b6 13.Bc1 Qc3 14.Bd2 Qc4 15.Re1 bxc5
16.Bf1 Qa4 17.Rb1 c4 18.c3 Qxd1 19.Rbxd1 Re8 20.Ra1  0-1

[Event "Corsica Masters KO"]
[Site "Bastia FRA"]
[Date "2005.11.04"]
[Round "2.2"]
[White "Milov,V"]
[Black "Polgar,Ju"]
[Result "1-0"]
[WhiteElo "2652"]
[BlackElo "2735"]

1.d4 Nf6 2.c4 e6 3.Nc3 Bb4 4.e3 O-O 5.Bd3 d5 6.cxd5 exd5 7.Ne2 Bd6 8.Bd2 a5
9.Rc1 Na6 10.Ng3 Nb4 11.Bb1 c5 12.Nb5 Bxg3 13.hxg3 Bg4 14.f3 Bd7 15.Nc3 Re8
16.Ne2 cxd4 17.Nxd4 Nc6 18.Kf2 Ne5 19.g4 h6 20.b3 a4 21.Kg1 axb3 22.axb3 Qb6
23.Qe1 Bb5 24.Qh4 Bd3 25.g5 Nh7 26.gxh6 g6 27.Bxd3 Nxd3 28.Rd1 Ra2 29.Qg3 Nc5
30.Bc3 Qd8 31.Nf5 Rc2 32.Bg7 Ne6 33.Be5 Qg5 34.Qxg5 Nexg5 35.Nd4 Rc3 36.Bg7 Rcxe3
37.Kf2 f6 38.Rd2 Nf7 39.Rc1 R3e7 40.Nb5 Re5 41.Rcd1 Nfg5 42.Nc7 Rc8 43.Nxd5 Kf7
44.Nf4 Re7 45.Rd7 Rc2+ 46.Kg3 Rc7 47.Rxe7+ Rxe7 48.Rd8 Ne6 49.Nxe6 Rxe6 50.Rh8 Ng5
51.Rf8+ Ke7 52.Rb8 Rb6 53.f4 Rxb3+ 54.Kh2 Nf7 55.h7 Rb5 56.h8=Q Nxh8 57.Bxh8 Ke6
58.Rf8 Ke7 59.Rb8 Ke6 60.Bg7 Rb4 61.g3 g5 62.fxg5 fxg5 63.Kh3 Kf5 64.Rf8+ Kg6
65.Bc3 Rb3 66.Rc8 b5 67.Kg4 b4 68.Rc6+ Kf7 69.Be5 Re3 70.Kf5 Ke7 71.Rc7+ Kd8
72.Rb7  1-0

[Event "Corsica Masters KO"]
[Site "Bastia FRA"]
[Date "2005.11.04"]
[Round "2.1"]
[White "Polgar,Ju"]
[Black "Milov,V"]
[Result "1/2-1/2"]
[WhiteElo "2735"]
[BlackElo "2652"]

1.e4 e6 2.d4 d5 3.Nc3 dxe4 4.Nxe4 Nd7 5.Nf3 Ngf6 6.Nxf6+ Nxf6 7.c3 c5 8.Bg5 a6
9.Ne5 Qc7 10.Qa4+ Bd7 11.Nxd7 Qxd7 12.Qxd7+ Kxd7 13.Rd1 Kc7 14.g3 Rd8 15.Bg2 cxd4
16.cxd4 h6 17.Bxf6 gxf6 18.Ke2 Kb8 19.Rd3 Rd7 20.d5 Be7 21.Rhd1 Rhd8 22.g4 Bf8
23.h4 Rd6 24.Be4 Rc8 25.Rb3 Rc4 26.f3 Rc7 27.dxe6 fxe6 28.Rxd6 Bxd6 29.Rb6 Rd7
30.Bxb7 Ka7 31.Bc8 Kxb6 32.Bxd7 Bg3 33.h5 e5 34.b4 Bf4 35.Kd3 Bg5 36.a4 a5
37.b5 Kc5 38.Ke4 Kb6 39.Kd5 Bh4 40.Ke6  1/2-1/2

[Event "Corsica Masters KO"]
[Site "Bastia FRA"]
[Date "2005.11.04"]
[Round "3.2"]
[White "Almasi,Z"]
[Black "Milov,V"]
[Result "1/2-1/2"]
[WhiteElo "2640"]
[BlackElo "2652"]

1.e4 e6 2.d4 d5 3.Nc3 dxe4 4.Nxe4 Nd7 5.Bd3 Ngf6 6.Qe2 c5 7.Nf3 Nxe4 8.Bxe4 Nf6
9.Bg5 Qa5+ 10.Bd2 Qb6 11.d5 Nxe4 12.Qxe4 Be7 13.Bc3 O-O 14.O-O-O Re8 15.Qf4 exd5
16.Rxd5 Qg6 17.Ne5 Qe6 18.Rhd1 b5 19.Nf3 Qg4 20.Qxg4 Bxg4 21.Re5 b4 22.Bd2 f6
23.Re3 Bf8 24.Rde1 Rxe3 25.Rxe3 Kf7 26.h3 Be6 27.b3 a5 28.Kb2 a4 29.c3 bxc3+
30.Bxc3 Rb8 31.Nd2 axb3 32.axb3 c4 33.Re4 cxb3 34.Ra4 Rb7 35.Bd4 Rd7 36.Nxb3 Bd5
37.g3 Kg6 38.Nd2 Bg2 39.h4 Re7 40.Ra5 Re2 41.h5+ Kf7 42.Ra7+ Ke6 43.Kc3 Re1
44.f3 Rh1 45.Ra6+ Kf7 46.Ra7+ Ke6 47.Ra6+ Kf7 48.Ra7+ Ke6 49.Ra6+  1/2-1/2

[Event "Corsica Masters KO"]
[Site "Bastia FRA"]
[Date "2005.11.04"]
[Round "3.3"]
[White "Milov,V"]
[Black "Almasi,Z"]
[Result "1-0"]
[WhiteElo "2652"]
[BlackElo "2640"]

1.d4 Nf6 2.c4 e6 3.Nc3 Bb4 4.e3 O-O 5.Bd3 d5 6.cxd5 exd5 7.Ne2 Re8 8.Bd2 Bd6
9.Rc1 c6 10.f3 b5 11.Ng3 Nbd7 12.O-O Nb6 13.b3 h5 14.Qe1 g6 15.Qf2 b4 16.Nd1 Qc7
17.Re1 Bd7 18.Nb2 Re6 19.Bb1 Rae8 20.Nd3 a5 21.Nc5 R6e7 22.Nf1 Bc8 23.Qh4 Nh7
24.e4 dxe4 25.fxe4 Bxc5 26.Rxc5 Nd7 27.Rcc1 Ndf6 28.e5 Nd5 29.Ng3 Qa7 30.Kh1 Nc7
31.Nxh5 Nd5 32.Ng3 Qd7 33.h3 c5 34.Rxc5 Bb7 35.Ne4 Re6 36.Rf1 Rf8 37.Rcc1 Ne7
38.Nc5 Qd5 39.Qf2 Bc6 40.Be4 Qd8 41.Nxe6 fxe6 42.Qe2 Nf5 43.Rxf5 gxf5 44.Bxc6 Qxd4
45.Bf3 f4 46.Rc4 Qa1+ 47.Kh2 Ng5 48.Bxf4  1-0

[Event "Corsica Masters KO"]
[Site "Bastia FRA"]
[Date "2005.11.04"]
[Round "3.1"]
[White "Milov,V"]
[Black "Almasi,Z"]
[Result "1-0"]
[WhiteElo "2652"]
[BlackElo "2640"]

1.d4 Nf6 2.c4 e6 3.Nc3 Bb4 4.e3 O-O 5.Bd3 d5 6.cxd5 exd5 7.Ne2 Re8 8.Bd2 Bd6
9.Rc1 c6 10.Ng3 Nbd7 11.O-O Nf8 12.f3 c5 13.Nb5 Bxg3 14.hxg3 c4 15.Bb1 Qb6
16.Nc3 Qxb2 17.e4 dxe4 18.fxe4 Bg4 19.Qe1 Rad8 20.Be3 Bh5 21.e5 Ng4 22.Be4 b6
23.Bc6 Re7 24.Rb1 Qa3 25.Bc1 Qa5 26.Rb5 Qa6 27.Nd5 Re6 28.Nc7 Qc8 29.Nxe6 Nxe6
30.d5 Nd4 31.Bg5 Rf8 32.a4 Nxc6 33.dxc6 Qxc6 34.Be7 Re8 35.Bd6 a6 36.Rb4 Nxe5
37.Bxe5 Qc5+ 38.Kh2 Rxe5 39.Rxc4 Qxc4 40.Qxe5 h6 41.Rf4 Qe2 42.Qb8+ Kh7 43.Qxb6 Bg6
44.Qf2 Qd3 45.Qd4 Qe2 46.Rf2 Qh5+ 47.Qh4 Qd5 48.Rb2 Qd3 49.Qf4 Qd5 50.g4 Qd3
51.Rd2 Qb3 52.Rd8 Qe6 53.Qb8 Be4 54.Rh8+ Kg6 55.Qf4 f6 56.Rd8 Bc2 57.Rd6 Qe2
58.Rd2 Qe4 59.Qxe4+ Bxe4 60.Rd6 Bb7 61.Kg3 Bc8 62.Rc6 Bb7 63.Rb6 Bc8 64.Kf4 h5
65.gxh5+ Kxh5 66.Rc6 Bb7 67.Rc7 g5+ 68.Kf5  1-0

[Event "Corsica Masters KO"]
[Site "Bastia FRA"]
[Date "2005.11.05"]
[Round "4.4"]
[White "Anand,V"]
[Black "Milov,V"]
[Result "0-1"]
[WhiteElo "2788"]
[BlackElo "2652"]

1.e4 e6 2.d4 d5 3.Nc3 dxe4 4.Nxe4 Nd7 5.Bd3 Ngf6 6.Qe2 c5 7.Nf3 cxd4 8.O-O Nxe4
9.Bxe4 Nc5 10.Rd1 Be7 11.Nxd4 Nxe4 12.Qxe4 O-O 13.Bf4 Qb6 14.a4 Bd7 15.a5 Qa6
16.c4 Qxc4 17.Qxb7 Qc8 18.a6 Qe8 19.Nf5 exf5 20.Rxd7 Bc5 21.Rc1 Qe2 22.Rd2 Qe6
23.Qd5 Bb6 24.Qxe6 fxe6 25.Rd7 Rac8 26.Rb7 Rxc1+ 27.Bxc1 Rd8  0-1

[Event "Corsica Masters KO"]
[Site "Bastia FRA"]
[Date "2005.11.05"]
[Round "4.2"]
[White "Milov,V"]
[Black "Anand,V"]
[Result "0-1"]
[WhiteElo "2652"]
[BlackElo "2788"]

1.d4 Nf6 2.c4 c5 3.d5 b5 4.Nf3 g6 5.cxb5 a6 6.b6 d6 7.Nc3 Nbd7 8.e4 Bg7 9.a4 Qxb6
10.a5 Qa7 11.Be2 O-O 12.O-O Rb8 13.Nd2 Ne8 14.Nc4 Nc7 15.Na4 Nb5 16.Nab6 Nxb6
17.Nxb6 f5 18.exf5 Bxf5 19.Bg4 Qb7 20.Ra4 Nd4 21.Rc4 Bxg4 22.Qxg4 Nb3 23.Qe6+ Kh8
24.Rh4 Bf6 25.Rh3 Nxc1 26.Rxc1 Kg7 27.Re1 Bd4 28.Re2 Rbe8 29.Qg4 Rf5 30.Rf3 h5
31.Qe4 Rxf3 32.Qxf3 Rf8 33.Qd3 Rf6 34.g3 g5 35.Qe4 Rf7 36.Kg2 Qb8 37.f3 Qh8
38.Qd3 g4 39.f4 h4 40.Re6 Qh5 41.gxh4 Rxf4 42.Rxe7+ Kf8 43.Qh7 Qxh7 44.Rxh7 Bg7
45.Rh5 Bxb2 46.Kg3 Re4 47.Rf5+ Ke8 48.Rf2 Be5+ 49.Kg2 c4 50.h5 c3 51.h6 Rb4
52.h7 Bh8 53.Kg3 Rb2 54.Rf4 c2 55.Rc4 Rb3+  0-1

[Event "V Open"]
[Site "Dos Hermanas ESP"]
[Date "2006.03.31"]
[Round "2"]
[White "Milov,V"]
[Black "Rincon Bascon,J"]
[Result "1-0"]
[WhiteElo "2638"]
[BlackElo "2166"]

1.d4 Nf6 2.c4 c5 3.d5 b5 4.Nf3 g6 5.cxb5 a6 6.b6 d6 7.Nc3 Bg7 8.e4 O-O 9.a4 Qxb6
10.Nd2 Nbd7 11.a5 Qc7 12.Be2 Rb8 13.O-O Ne8 14.Nc4 Ne5 15.Nb6 f5 16.exf5 Bxf5
17.Be3 c4 18.Ra4 Nf6 19.Bxc4 Nfd7 20.Bxa6 Nc5 21.Nb5 Qd8 22.Bxc5 dxc5 23.Na3 Qc7
24.Bc4 Kh8 25.Nb5 Qd8 26.d6 Nxc4 27.Rxc4 exd6 28.Nxd6 Bd4 29.Nxf5 Rxf5 30.Rc2 Qd6
31.Re2 Rbf8 32.Qe1 Qf4 33.Re8 Bxb2 34.Rxf8+ Rxf8 35.a6 Qf6 36.Nd7  1-0

[Event "V Open"]
[Site "Dos Hermanas ESP"]
[Date "2006.04.04"]
[Round "6"]
[White "Milov,V"]
[Black "De la Villa Garcia,J"]
[Result "1-0"]
[WhiteElo "2638"]
[BlackElo "2451"]

1.d4 Nf6 2.c4 d6 3.Nc3 e5 4.Nf3 e4 5.Ng5 Qe7 6.g3 h6 7.Nh3 c6 8.Bg2 Bf5 9.e3 g5
10.Ng1 Bg7 11.Nge2 Na6 12.a3 Nc7 13.Bd2 b5 14.cxb5 cxb5 15.h3 Bg6 16.O-O O-O
17.Rc1 Rfc8 18.g4 h5 19.Ng3 hxg4 20.hxg4 Qe6 21.f3 exf3 22.Qxf3 Bd3 23.Nf5 d5
24.Rf2 Ne4 25.Nxe4 Bxe4 26.Qg3 Ne8 27.Rcf1 Rc2 28.Bb4 Rxf2 29.Rxf2 Bf6 30.Qh3 Rc8
31.Bc5 a6 32.Bxe4 Qxe4 33.Rh2 Qb1+ 34.Kf2 Qxb2+ 35.Kf3  1-0

[Event "V Open"]
[Site "Dos Hermanas ESP"]
[Date "2006.04.05"]
[Round "7"]
[White "Burmakin,V"]
[Black "Milov,V"]
[Result "1-0"]
[WhiteElo "2519"]
[BlackElo "2638"]

1.d4 d6 2.g3 g6 3.Bg2 Bg7 4.e4 c6 5.Ne2 b5 6.O-O Nd7 7.b3 Ngf6 8.Bb2 O-O
9.Nd2 Rb8 10.Nf4 e5 11.dxe5 Nxe5 12.h3 Re8 13.Re1 Nfd7 14.Rb1 Bb7 15.Nf1 Qc7
16.Ne3 Nf6 17.Qd2 h5 18.Rbd1 Rbd8 19.Bc3 Qb8 20.Ba5 Rd7 21.Nd3 Nxd3 22.Qxd3 Re6
23.Bf3 Rde7 24.Ng2 Bh6 25.Nf4 Bxf4 26.gxf4 b4 27.e5 dxe5 28.f5 gxf5 29.Qxf5 Nd5
30.Kh1 Rg6 31.Rg1 Qf8 32.Rxg6+ fxg6 33.Bxd5+ cxd5 34.Qxf8+ Kxf8 35.Bxb4 d4+
36.Kg1 Kf7 37.Bxe7 Kxe7 38.c3 Bf3 39.Rd2  1-0

[Event "V Open"]
[Site "Dos Hermanas ESP"]
[Date "2006.04.07"]
[Round "9"]
[White "Milov,V"]
[Black "Neelotpal,D"]
[Result "0-1"]
[WhiteElo "2638"]
[BlackElo "2512"]

1.d4 d5 2.c4 c6 3.Nf3 Nf6 4.e3 Bf5 5.Nc3 e6 6.Nh4 Bg6 7.Nxg6 hxg6 8.g3 Nbd7
9.Bg2 Bd6 10.O-O O-O 11.Qe2 dxc4 12.Qxc4 e5 13.Rd1 Qe7 14.Qe2 Rad8 15.dxe5 Bxe5
16.e4 Nc5 17.Bg5 Ne6 18.h4 Qc5 19.Bxf6 gxf6 20.Qf3 Qb4 21.Rab1 Rxd1+ 22.Nxd1 Nd4
23.Qd3 Rd8 24.Qf1 Nc2 25.f4 Bd4+ 26.Kh2 Bb6 27.a3 Nxa3 28.Rc1 Qd2 29.Nc3 Qxb2
30.Na4 Qd2 31.Nxb6 axb6 32.Re1 Nc4 33.Re2 Qd1 34.Re1 Qd3 35.Qf2 Qc3 36.Re2 Rd2
37.Kh3 Qd4 38.Qe1 Qb2 39.Bf3 Rxe2 40.Bxe2 Qd2 41.Qf1 Ne3 42.Qf3 f5 43.h5 fxe4
44.Qxe4 Qd7+ 45.Kh2 Qe6 46.Qd4 Nd5 47.Bf3 gxh5 48.Qa1 Nf6 49.Qa8+ Kg7 50.Qxb7 c5
51.Qa6 c4 52.Qa3 Qe1 53.Bg2 h4 54.gxh4 Ng4+  0-1

[Event "Open"]
[Site "Chicago USA"]
[Date "2006.05.27"]
[Round "4"]
[White "Milov,V"]
[Black "Margvelashvili,G"]
[Result "1-0"]
[WhiteElo "2625"]
[BlackElo "2441"]

1.d4 e6 2.c4 Nf6 3.Nc3 d5 4.cxd5 exd5 5.Bg5 Be7 6.e3 Nbd7 7.Bd3 O-O 8.Nge2 c6
9.f3 Re8 10.Bh4 Nf8 11.O-O Be6 12.Kh1 N6d7 13.Bg3 Nb6 14.e4 dxe4 15.fxe4 Bh4
16.Qe1 Bxg3 17.Qxg3 Qe7 18.e5 Rad8 19.Ne4 Ng6 20.Ng5 Nd5 21.Rf3 Nb4 22.Nxe6 Qxe6
23.Bf5 Qc4 24.Qf2 Re7 25.Rf1 Qxa2 26.Bxg6 hxg6 27.Qh4 g5 28.Qxg5 Qe6 29.Nf4  1-0